• 首页
  • 本馆介绍
  • 公告通知
  • 最新文献
  • 馆藏检索
  • 电子资源
  • 读者导购
  • 参考咨询
  • 我的图书馆
  • 登录
  • 详细信息显示
  • 放入我的书架
  • 预约/预借图书
  • 作者相关作品
  • 分类相关作品
  • 丛书相关作品
  • 出版社相关作品

书目信息

  • 表格格式
  • 工作单格式
  • 卡片格式
题名:
好玩的甲骨文
    
 
作者: 张红霞 主编
分册:  
出版信息: 上海   复旦大学出版社有限公司  2019.05
页数: 174页
开本: 26cm
丛书名: 幼儿园“活教育”课程丛书
单 册:
中图分类: G613.2
科图分类:
主题词: 识字课--学前教育--教学参考资料
电子资源:
ISBN: 978-7-309-14011-8
000 01023oam2 2200253 450
001 0103152650
005 20201103152731.0
010    @a978-7-309-14011-8@dCNY45.00
100    @a20190705d2019 em y0chiy50 ea
101 0  @achi
102    @aCN@b310000
105    @aa z 000yy
106    @ar
200 1  @a好玩的甲骨文@Ahao wan de jia gu wen@f张红霞主编
210    @a上海@c复旦大学出版社有限公司@d2019.05
215    @a174页@c彩图@d26cm
225 2  @a幼儿园“活教育”课程丛书
330    @a本书分为理论篇和活动篇,理论篇聚焦幼儿园甲骨文课程的建构意义与过程,以及课程实施过程中需要遵循的原则、形式、方法等;活动篇为具体的活动案例。活动内容结合大社会、大自然两大内容,包含“遇见甲骨文”“甲骨文中的我自己”“甲骨文中的大社会”“甲骨文中的好味道”“甲骨文中的动植物”“自然物语”六章。
461  0 @12001 @a幼儿园“活教育”课程丛书
606 0  @a识字课@x学前教育@j教学参考资料
690    @aG613.2@v5
701  0 @a张红霞@Azhang hong xia@c(女)@4主编
801  0 @aCN@bBJSZM@c20201103
905    @b1256451-5@dG613.2@e1057@f5
    
    好玩的甲骨文/张红霞主编.-上海:复旦大学出版社有限公司,2019.05
    174页:彩图;26cm.-(幼儿园“活教育”课程丛书)
    
    
    ISBN 978-7-309-14011-8:CNY45.00
    本书分为理论篇和活动篇,理论篇聚焦幼儿园甲骨文课程的建构意义与过程,以及课程实施过程中需要遵循的原则、形式、方法等;活动篇为具体的活动案例。活动内容结合大社会、大自然两大内容,包含“遇见甲骨文”“甲骨文中的我自己”“甲骨文中的大社会”“甲骨文中的好味道”“甲骨文中的动植物”“自然物语”六章。
●
相关链接 在E读中查询图书 在五车中查询图书 在当当中查询图书 在豆瓣中查询图书


正题名:好玩的甲骨文     索取号:G613.2/1057         预约/预借

序号 登录号 条形码 馆藏地/架位号 状态 备注
1 1256451   212564517   第一样本阅览室/ [索取号:G613.2/1057] 在馆    
2 1256452   212564526   教育系资料室/ [索取号:G613.2/1057] 在馆    
3 1256453   212564535   教育系资料室/ [索取号:G613.2/1057] 在馆    
4 1256454   212564544   第四借阅区/ [索取号:G613.2/1057] 在馆    
5 1256455   212564553   第四借阅区/ [索取号:G613.2/1057] 在馆    
唐山师范学院图书馆 欢迎您!
大连网信软件有限公司© 版权所有